Na konkrétnych príkladoch vysvetľujeme kolobeh DPH podľa jednotlivých variantov konečnej spotreby zdaňovaného tovaru
Všeobecná charakteristika, predmet zdanenia a metódy výpočtu dane z pridanej hodnoty (DPH). Výhody a nevýhody, mechanizmus fungovania DPH. Platiteľ, čas, miesto, predmet zdanenia, povinnosti a zodpovednosť daňovníka. Komplexný variantný príklad fungovania mechanizmu dane. Daň z obratu - predchodkyňa...
Gespeichert in:
| 1. Verfasser: | |
|---|---|
| Weitere Verfasser: | |
| Format: | Buchkapitel |
| Sprache: | Slowakisch |
| Schlagworte: | |
| Tags: |
Keine Tags, Fügen Sie das erste Tag hinzu!
|
MARC
| LEADER | 00000naa a2200000 4500 | ||
|---|---|---|---|
| 001 | r016730 | ||
| 005 | 20221205101926.5 | ||
| 041 | 0 | |a slo | |
| 044 | |a SK | ||
| 245 | 1 | 0 | |a Na konkrétnych príkladoch vysvetľujeme kolobeh DPH podľa jednotlivých variantov konečnej spotreby zdaňovaného tovaru |c Ľudovít Rybánský, Zdenka Jablonková |
| 520 | |a Všeobecná charakteristika, predmet zdanenia a metódy výpočtu dane z pridanej hodnoty (DPH). Výhody a nevýhody, mechanizmus fungovania DPH. Platiteľ, čas, miesto, predmet zdanenia, povinnosti a zodpovednosť daňovníka. Komplexný variantný príklad fungovania mechanizmu dane. Daň z obratu - predchodkyňa DPH. Zákon č. 222/1992 Zb. o dani z pridanej hodnoty, jeho zmeny a štruktúra. | ||
| 610 | 2 | 0 | |a dane z hodnoty pridanej |
| 610 | 2 | 0 | |a dane nepriame |
| 610 | 2 | 0 | |a ceny |
| 610 | 2 | 0 | |a daňovníci |
| 610 | 2 | 0 | |a dane z obratu |
| 610 | 2 | 0 | |a zákony |
| 610 | 2 | 0 | |a 1992 |
| 610 | 2 | 0 | |a Slovensko |
| 610 | 2 | 0 | |a spotreba konečná |
| 100 | 1 | |a Rybánsky, Ľudovít | |
| 700 | 1 | |a Jablonková, Zdenka | |